000 00534nam a2200181Ia 4500
999 _c14598
_d14598
003 OSt
005 20201030120323.0
008 190216s9999||||xx |||||||||||||| ||und||
020 _a9788172734824
040 _coclc
082 _a820.900914
_bSAR/I
100 _a Sarangi, Jayadeep
_96167
245 0 _aIndian Legendary Writers In English /
_cJaydeep Sarangi
260 _bAuthorspress,
_c2009.
_aNew Delhi:
300 _a298p
650 _aEnglish
942 _cBK
_2ddc
_h820.900914
_iSAR/I
_k820.900914
_mSAR/I